| 000 | 01224nam a22003737a 4500 | ||
|---|---|---|---|
| 003 | CHAP | ||
| 005 | 20220329143342.0 | ||
| 008 | 081119s2007 us a r 00010 eng d | ||
| 010 | _a95399 | ||
| 011 | _a96371 | ||
| 020 | _a9780716799221 | ||
| 035 | _a107023 | ||
| 040 | _cCHAP | ||
| 082 | 0 | 4 |
_a612.8 _bK54 |
| 100 | 1 |
_aKlein, Stephen B. _963441 |
|
| 245 | 1 | 0 |
_aBiological psychology _c/by Stephen B. Klein and B. Michael Thorne |
| 260 |
_aNew York : _bWorth Publishers, _c2007 |
||
| 300 |
_axxiii, 579 p. : _bilus. ; gráfs. |
||
| 590 |
_aBATCH-UPD _b10 _c20130110 _lUCH01 _h0640 |
||
| 590 |
_aBATCH-UPD _b10 _c20130111 _lUCH01 _h0001 |
||
| 590 |
_aBATCH-UPD _b10 _c20130410 _lUCH01 _h0324 |
||
| 590 |
_aBATCH-UPD _b10 _c20130410 _lUCH01 _h1647 |
||
| 590 |
_aBATCH-UPD _b10 _c20130914 _lUCH01 _h1026 |
||
| 590 |
_aCONVERSION _b10 _c20130109 _lUCH01 _h1353 |
||
| 650 | 1 | 4 |
_aConducta (Psicología) _926343 |
| 650 | 1 | 4 |
_aNeurobiología. _980946 |
| 650 | 1 | 4 |
_aPsicobiología. _992596 |
| 650 | 1 | 4 |
_aPsicología. _992597 |
| 650 | 1 | 4 |
_aSexualidad humana. _9105427 |
| 700 | 1 |
_aThorne, B. Michael _9112967 |
|
| 901 | _aBK | ||
| 942 | _cLIBRO | ||
| 949 |
_a612.8 K54 _bBC _cLIBRO _d33724002068868 _eLIBRO _gI.c/e _h109901 _i107023 _si _t$857.78 |
||
| 999 |
_c95399 _d95399 |
||